| 000 | 01587pam a2200301 i 4500 | ||
|---|---|---|---|
| 001 | 9183555 | ||
| 003 | CaAEU | ||
| 005 | 20250929113007.0 | ||
| 008 | 191001t20192019maua b 000 0 eng d | ||
| 015 |
_aGBB9J5603 _2bnb |
||
| 020 | _a9781529391060 | ||
| 035 | _aon1129695645 | ||
| 040 |
_aUKMGB _beng _erda _cUKMGB _dOCLCO _dOCLCF _dUAB _dAEU |
||
| 041 | _aeng | ||
| 050 | 4 |
_aHF5385 _b.C657 2019 |
|
| 100 |
_aConnor, Jerry _d1967- _eauthor _925963 |
||
| 245 | 1 | 4 |
_aThe four greatest coaching conversations _b: change mindsets, shift attitudes, and achieve extraordinary results _c/ Jerry Connor and Karim Hirani. |
| 246 | 3 | _a4 greatest coaching conversations | |
| 260 |
_aBoston, MA ; _aLondon : _bNicholas Brealey Publishing, _c2019. |
||
| 300 |
_axiv, 236 pages : _billustrations ; _c20 cm |
||
| 504 | _aIncludes bibliographical references. | ||
| 520 | _aBased on data and insights from over 100k virtual and in-person coaching conversations conducted by the talented coaches of BTS Coach, comes the first book to take BTS Coach's evidence-based coaching process to a mass audience. In a concise, easy-to-understand manner, the book reveals 4 mindsets (Be, Relate, Think, Inspire) that are most critical for individuals to experience deep, meaningful change, along with the process and tools for sparking their own powerful conversations to get the best out of themselves and those around them. | ||
| 650 | 0 |
_aMentoring in business _98151 |
|
| 650 | 0 |
_aEmployees _xTraining of _923786 |
|
| 650 | 0 |
_aCommunication in management _92095 |
|
| 700 | 1 |
_aHirani, Karim, _eauthor. |
|
| 942 | _2lcc | ||
| 999 |
_c4982 _d4982 |
||